| 000 | 00469pab a2200169 454500 | ||
|---|---|---|---|
| 008 | 180718b1996 xxu||||| |||| 00| 0 eng d | ||
| 100 | _aBanaszak, Lee Ann | ||
| 245 | _aWhen waves collide: cycles of protest and the Swiss and American women's movements | ||
| 260 | _c1996 | ||
| 300 | _ap.837-60 | ||
| 362 | _aDec | ||
| 650 | _aWomen - Switzerland | ||
| 650 | _aWomen - United States | ||
| 650 | _aWomen | ||
| 773 | _aPolitical Research Quarterly | ||
| 909 | _a33383 | ||
| 999 |
_c33383 _d33383 |
||